00619nam a2200193 a 450000100060000000300080000600500170001400800410003103500190007204000330009104100080012408200220013210000370015424500870019126000310027830000320030950400510034160000330039225086BD-RjUL20211209050829.0140316s1965 a b 001 0 eng d a(BD-RjUL)25155 aVCAVbengcVCAVdNUdBD-RjUL aeng04a944.081bKED 19651 aKedward, H. R.q(Harry Roderick)14aThe Dreyfus affair :bcatalyst for tensions in French society /cby H. R. Kedward. aLondon :bLongmans,c1965. avi, 140 p :bill. ;c22 cm. aIncludes bibliographical references and index.10aDreyfus, Alfred,d1859-1935.